LIBRARY & INFORMATION CENTRE, KCAET, TAVANUR

ONLINE PUBLIC ACCESS CATALOGUE (OPAC)

Tales from onen the sea / (Record no. 3468)

MARC details
000 -LEADER
fixed length control field 00273cam a2200109ua 4500
082 ## - DEWEY DECIMAL CLASSIFICATION NUMBER
Classification number 823.301
Item number BRI/TA
100 ## - MAIN ENTRY--AUTHOR NAME
Personal name Brinfield, R D .
245 ## - TITLE STATEMENT
Title Tales from onen the sea /
260 ## - PUBLICATION, DISTRIBUTION, ETC. (IMPRINT)
Place of publication Calcutta :
Name of publisher Oxford University Press ,
Year of publication 1965.
300 ## - PHYSICAL DESCRIPTION
Number of Pages 80 ; .
942 ## - ADDED ENTRY ELEMENTS (KOHA)
Koha item type Books
Holdings
Withdrawn status Lost status Damaged status Home library Current library Date acquired Full call number Accession Number Koha item type
Withdrawn     KAUAET Sanskrit University 07/04/2012 823.301 BRI/TA 10517 Books
free website counter